On This Day: December 24th Quiz Stats

Quiz Updated Dec 24, 2017

Challenge
Share
Tweet
Embed
Score 0/7 Timer 03:00
0 Plays Today
Question Answer Wrong Answers
This future US President is named Supreme Allied Commander for the Invasion of Normandy.
1943
Dwight D. Eisenhower
91.6%
John F. Kennedy
1.6%
Lyndon B. Johnson
2.8%
Richard Nixon
1.2%
This successful American businessman, engineer, and pilot, who later in life became known for his eccentric behavior and reclusive lifestyle, is born.
1905
Howard Hughes
91.2%
Armand Hammer
2%
Leon Hess
1.6%
Henry J. Heinz
3.5%
Known as the ______, a series of widespread but unofficial ceasefires along the Western Front of World War I begin.
1914
Christmas Truce
66%
White Flag Agreement
2.2%
Yuletide Armistice
20.9%
Silent Night
8.7%
Representatives of Britain and the United States sign the Treaty of ______, ending the War of 1812.
1814
Ghent
57%
London
11.1%
Philadelphia
8.1%
Vienna
23.8%
The Spanish police thwart an attempt by this armed Basque nationalist and separatist organization to detonate explosives in Madrid's busy Chamartín Station.
2003
ETA
46.8%
Revolutionary Struggle
11.1%
RIRA
21.3%
DHKP-C
16.1%
Libya becomes independent from ______. Idris I is proclaimed King of Libya.
1951
Italy
36.6%
France
38.7%
Turkey
17.7%
Germany
3%
This nation declares a state of war against Sudan following a December 18th attack on the border town of Adré.
2005
Chad
33.8%
Egypt
20.1%
Ethiopia
29.6%
Algeria
11.5%

Today's Daily Dose

You're not logged in!

Compare scores with friends on all Sporcle quizzes.
Sign Up with Email
OR
Log In

You Might Also Like...

Show Comments

Extras

Top Quizzes Today


Score Distribution

Your Account Isn't Verified!

In order to create a playlist on Sporcle, you need to verify the email address you used during registration. Go to your Sporcle Settings to finish the process.

Report this User

Report this user for behavior that violates our Community Guidelines.

Details: